[Event "6th EUR-ch (w)"]
[Site "Chisinau MDA"]
[Date "2005.06.15"]
[Round "5"]
[White "Calzetta Ruiz, Monica"]
[Black "Golubenko, Valentina"]
[Result "1-0"]
[WhiteElo "2254"]
[BlackElo "2171"]
[EventDate "2005.06.10"]
[PlyCount "61"]

1.e4 c5 2.Nf3 d6 3.d4 cxd4 4.Nxd4 Nf6 5.Nc3 a6 6.Be2 e6 7.Be3 Be7 8.Qd2 
Nc6 9.O-O-O O-O 10.f4 Nxd4 11.Bxd4 b5 12.a3 Qa5 13.Bf3 Nd7 14.Kb1 Kh8 15.
e5 d5 16.f5 b4 17.Na2 exf5 18.axb4 Qc7 19.Bxd5 Rb8 20.e6 Nb6 21.Bxb6 Qxb6 
22.exf7 Be6 23.Rhe1 Bxd5 24.Qxd5 Bxb4 25.Re6 Qc7 26.Nxb4 Rxb4 27.Rxa6 Qb8 
28.b3 Rb5 29.Qc4 Rb4 30.Qe6 Qb7 31.Rd8 1-0

[Event "6th EUR-ch (w)"]
[Site "Chisinau MDA"]
[Date "2005.06.15"]
[Round "5"]
[White "Dolukhanova, Evgeniya"]
[Black "Lupik, Marina"]
[Result "1-0"]
[WhiteElo "2251"]
[BlackElo "2123"]
[EventDate "2005.06.10"]
[PlyCount "91"]

1.e4 c5 2.Nf3 d6 3.d4 cxd4 4.Nxd4 Nf6 5.Nc3 a6 6.f3 e5 7.Nb3 Be6 8.Be3 
Nbd7 9.Qd2 Rc8 10.g4 h6 11.h4 b5 12.O-O-O Nb6 13.Bxb6 Qxb6 14.Nd5 Bxd5 15.
exd5 Be7 16.Kb1 g6 17.Rh2 h5 18.g5 Nd7 19.f4 exf4 20.Bh3 Rc4 21.Bxd7+ Kxd7
22.Nd4 Re8 23.b3 Rc5 24.Nc6 f5 25.Qxf4 Bf8 26.Qd4 Re4 27.Qf6 Be7 28.Nxe7 
Rxe7 29.Rhd2 Rc8 30.Qxg6 Rf8 31.Qxh5 Qe3 32.g6 f4 33.Qg4+ Kc7 34.Rd3 Qf2 
35.h5 f3 36.g7 Rg8 37.Rxf3 Qe2 38.Rc3+ Kb7 39.Qxe2 Rxe2 40.Rg1 Rh2 41.Rf3 
Rxh5 42.Rf8 Rxg7 43.Rxg7+ Kb6 44.Rb8+ Kc5 45.Rc7+ Kxd5 46.Rb6 1-0

[Event "6th EUR-ch (w)"]
[Site "Chisinau MDA"]
[Date "2005.06.15"]
[Round "5"]
[White "Hamelink, Desiree"]
[Black "Minina, Veronika"]
[Result "0-1"]
[WhiteElo "2244"]
[BlackElo "2059"]
[EventDate "2005.06.10"]
[PlyCount "56"]

1.e4 e6 2.d4 d5 3.Nd2 Nf6 4.e5 Nfd7 5.Bd3 c5 6.c3 Nc6 7.Ngf3 Be7 8.O-O a5 
9.b3 Qb6 10.dxc5 Qxc5 11.Nb1 Ndxe5 12.Ba3 Nxf3+ 13.Qxf3 Qb6 14.Bxe7 Nxe7 
15.Na3 Bd7 16.c4 Qc5 17.Nc2 Bc6 18.Qg3 dxc4 19.Bxc4 Rd8 20.Ne3 O-O 21.Rac1
Qh5 22.Ng4 Qg5 23.h4 Qg6 24.h5 Qg5 25.Qh3 Rd4 26.Be2 Nd5 27.g3 f5 28.Nh2 
Nf4 0-1

[Event "6th EUR-ch (w)"]
[Site "Chisinau MDA"]
[Date "2005.06.15"]
[Round "5"]
[White "Stiri, Alexandra"]
[Black "Dragomirescu, Angela"]
[Result "0-1"]
[WhiteElo "2181"]
[BlackElo "2241"]
[EventDate "2005.06.10"]
[PlyCount "110"]

1.e4 d6 2.d4 Nf6 3.Nc3 g6 4.Be3 c6 5.h3 Nbd7 6.f4 b5 7.Bd3 Bb7 8.Nf3 b4 9.
Nb1 c5 10.Nbd2 cxd4 11.Bxd4 Bg7 12.e5 Nh5 13.O-O O-O 14.exd6 Bxd4+ 15.Nxd4
Qb6 16.c3 Qxd6 17.Nc4 Qc5 18.Kh2 e5 19.fxe5 Nxe5 20.Rf5 gxf5 21.Qxh5 Qc7 
22.Nxe5 Qxe5+ 23.g3 Qe3 24.Qxf5 Qh6 25.Rf1 Bc8 26.Qe5 Qd2+ 27.Be2 Bd7 28.
Rf4 h6 29.Nf3 Rae8 30.Nxd2 Rxe5 31.Bc4 bxc3 32.bxc3 Be6 33.Nf3 Rc5 34.Bxe6
fxe6 35.Rg4+ Kh7 36.Nd4 Rf6 37.Re4 e5 38.Ne2 Ra6 39.a4 Kg7 40.g4 Kf6 41.
Ng3 Rxc3 42.Re2 Rc4 43.Nf5 Rcxa4 44.Nxh6 Ra2 45.Rxa2 Rxa2+ 46.Kg3 a5 47.
g5+ Kg6 48.Ng4 Ra3+ 49.Kg2 Kf5 50.Nh6+ Kf4 51.Kf2 e4 52.g6 e3+ 53.Ke2 Ra2+
54.Kd1 e2+ 55.Ke1 Kf3 0-1

[Event "6th EUR-ch (w)"]
[Site "Chisinau MDA"]
[Date "2005.06.15"]
[Round "5"]
[White "Padurariu, Ioana-Smaranda"]
[Black "Mirzoeva, Elmira"]
[Result "1-0"]
[WhiteElo "2153"]
[BlackElo "2232"]
[EventDate "2005.06.10"]
[PlyCount "135"]

1.b3 c5 2.Bb2 d5 3.e3 e6 4.f4 Nf6 5.Nf3 Be7 6.Be2 Nc6 7.d3 Ng4 8.Qd2 d4 9.
exd4 cxd4 10.O-O Bb4 11.Qc1 Ne3 12.Rf2 Bc5 13.a3 a5 14.Nbd2 O-O 15.h3 h5 
16.Nf1 Nd5 17.Ng5 h4 18.Bf3 Nce7 19.Bxd5 Qxd5 20.Qd1 f6 21.Ne4 b6 22.Qe1 
Nf5 23.Nxc5 Qxc5 24.a4 Qd5 25.Qe4 Bb7 26.Qxd5 Bxd5 27.Nd2 Rfd8 28.Nc4 Bxc4
29.bxc4 Rac8 30.Ba3 Kf7 31.Rb1 Rc6 32.Rb5 Rg8 33.Bc1 Nd6 34.Rb3 Nb7 35.Ba3
g5 36.fxg5 Rxg5 37.Rf4 e5 38.Rxh4 Kg7 39.Rg4 Rxg4 40.hxg4 Kg6 41.Kf2 Nd8 
42.Rb1 Ne6 43.Rh1 e4 44.g3 Kg5 45.Rh5+ Kg6 46.Rd5 e3+ 47.Ke2 Rc8 48.Rd6 
Kf7 49.Rd7+ Kg6 50.Rd6 Kf7 51.Bb2 Ke7 52.Rd5 Rd8 53.Rxd8 Kxd8 54.c3 dxc3 
55.Bxc3 Ke7 56.d4 Nf8 57.Kxe3 Nd7 58.Bb2 Ke6 59.Ke4 Nb8 60.d5+ Kf7 61.Bd4 
Nd7 62.Kf5 Ke7 63.g5 fxg5 64.Kxg5 Kd6 65.Kf5 Ke7 66.g4 Kf7 67.g5 Ke7 68.g6
1-0

[Event "6th EUR-ch (w)"]
[Site "Chisinau MDA"]
[Date "2005.06.15"]
[Round "5"]
[White "Cherednichenko, Svetlana"]
[Black "Bulmaga, Irina"]
[Result "1-0"]
[WhiteElo "2230"]
[BlackElo "2046"]
[EventDate "2005.06.10"]
[PlyCount "67"]

1.d4 d5 2.c4 c6 3.Nc3 Nf6 4.e3 a6 5.Bd3 b5 6.b3 Bg4 7.Qc2 e6 8.Nge2 Be7 9.
Ng3 Bh5 10.Nxh5 Nxh5 11.O-O Nf6 12.Bb2 O-O 13.Rad1 Nbd7 14.f3 bxc4 15.bxc4
dxc4 16.Bxc4 Nb6 17.Bd3 Nbd5 18.Nxd5 cxd5 19.e4 g6 20.e5 Nd7 21.f4 Qb6 22.
Kh1 Rfc8 23.Qe2 Bb4 24.g4 Be7 25.f5 Bh4 26.Rb1 Qa7 27.Qe3 g5 28.Ba3 Rc3 
29.fxe6 fxe6 30.Bxh7+ Kxh7 31.Qxc3 Kg8 32.Qd3 Kg7 33.Rf7+ Kxf7 34.Qh7+ 1-0

[Event "6th EUR-ch (w)"]
[Site "Chisinau MDA"]
[Date "2005.06.15"]
[Round "5"]
[White "Butuc, Maria"]
[Black "Tsoganova, Monika"]
[Result "0-1"]
[WhiteElo "2147"]
[BlackElo "2211"]
[EventDate "2005.06.10"]
[PlyCount "80"]

1.e4 c5 2.Nf3 d6 3.d4 cxd4 4.Nxd4 Nf6 5.Bd3 Nbd7 6.c4 Nc5 7.Nc3 Nxd3+ 8.
Qxd3 e6 9.O-O Be7 10.f3 O-O 11.Be3 a6 12.Rfd1 Qc7 13.Rac1 b6 14.b3 Bb7 15.
h3 Rac8 16.f4 Rfe8 17.Bf2 Bf8 18.g4 Ba8 19.Re1 g6 20.f5 exf5 21.gxf5 Nh5 
22.Nd5 Qd8 23.Kh1 Bh6 24.Rc2 Bxd5 25.exd5 Qf6 26.fxg6 hxg6 27.Rxe8+ Rxe8 
28.Re2 Rxe2 29.Qxe2 Bf4 30.Kg1 Be5 31.Nf3 Nf4 32.Qf1 Qf5 33.Bxb6 Nxh3+ 34.
Kh1 Ng5 35.Nd2 Qg4 36.Qg2 Qh5+ 37.Kg1 Nh3+ 38.Kh1 Nf4+ 39.Qh2 Qxh2+ 40.
Kxh2 Nxd5+ 0-1

[Event "6th EUR-ch (w)"]
[Site "Chisinau MDA"]
[Date "2005.06.15"]
[Round "5"]
[White "Vartic, Irina"]
[Black "Makka, Ioulia"]
[Result "0-1"]
[WhiteElo "1948"]
[BlackElo "2250"]
[EventDate "2005.06.10"]
[PlyCount "64"]

1.e4 e6 2.d4 d5 3.Nd2 dxe4 4.Nxe4 Nd7 5.Nf3 Ngf6 6.Nxf6+ Nxf6 7.Bd3 c5 8.
Bg5 cxd4 9.Nxd4 Be7 10.Nf3 O-O 11.Qe2 Qa5+ 12.c3 Rd8 13.O-O h6 14.Bh4 Qh5 
15.Bg3 Qc5 16.Be5 Bd7 17.Bd4 Qc7 18.Ne5 Be8 19.Ng4 Nxg4 20.Qxg4 e5 21.Qe4 
f5 22.Qxf5 exd4 23.cxd4 g6 24.Qg4 Qd7 25.Qg3 Qd6 26.Qh3 Kg7 27.Rfe1 Bf6 
28.Re6 Qxd4 29.Qf3 Bf7 30.Qxb7 Qxd3 31.Rae1 Qd5 32.Qxd5 Rxd5 0-1

[Event "6th EUR-ch (w)"]
[Site "Chisinau MDA"]
[Date "2005.06.15"]
[Round "5"]
[White "Ivanova-Skripova, Tatiana"]
[Black "Kuzevanova, Evgenia"]
[Result "1-0"]
[WhiteElo "2205"]
[BlackElo "2124"]
[EventDate "2005.06.10"]
[PlyCount "95"]

1.d4 Nf6 2.Nf3 g6 3.Bf4 Bg7 4.e3 O-O 5.Be2 d6 6.O-O Nbd7 7.c4 c5 8.Nc3 Nh5
9.Bg5 h6 10.Bh4 g5 11.Nd2 gxh4 12.Bxh5 cxd4 13.exd4 Bxd4 14.Qg4+ Bg7 15.
Qxh4 Nf6 16.Bf3 Bf5 17.Rfe1 e6 18.Nb3 Nd7 19.Qg3 Ne5 20.Bxb7 Rb8 21.Be4 
Bxe4 22.Rxe4 f5 23.Rd4 Kh7 24.Rad1 Nf7 25.R4d2 Rg8 26.Qe3 Qc8 27.Nb5 d5 
28.Nxa7 d4 29.Nxd4 Bxd4 30.Qxd4 Qb7 31.g3 Rbd8 32.Qe3 Rxd2 33.Rxd2 Ng5 34.
Kf1 Rg7 35.Nb5 Qh1+ 36.Ke2 Qxh2 37.Nd6 Qh5+ 38.Kd3 Nf3 39.Rc2 e5 40.Kc3 e4
41.Qc5 Rg5 42.Qc7+ Rg7 43.Qc8 Nd4 44.Rd2 Qf3+ 45.Kxd4 e3 46.fxe3 Qxg3 47.
Qxf5+ Kh8 48.Nf7+ 1-0

[Event "6th EUR-ch (w)"]
[Site "Chisinau MDA"]
[Date "2005.06.15"]
[Round "5"]
[White "Partac, Elena"]
[Black "Mar, Karmen"]
[Result "1-0"]
[WhiteElo "2190"]
[BlackElo "2119"]
[EventDate "2005.06.10"]
[PlyCount "124"]

1.e4 c5 2.Nf3 d6 3.d4 cxd4 4.Qxd4 Nc6 5.Bb5 Bd7 6.Bxc6 Bxc6 7.Nc3 Nf6 8.
Bg5 e6 9.O-O-O Be7 10.Rhe1 O-O 11.e5 dxe5 12.Qh4 Qc7 13.Nxe5 Rfd8 14.Ng4 
Nxg4 15.Bxe7 Rxd1+ 16.Rxd1 Nh6 17.Bd8 Qe5 18.h3 f6 19.Qb4 Nf7 20.Qe7 Qf4+ 
21.Kb1 Rxd8 22.Rxd8+ Nxd8 23.Qxd8+ Kf7 24.f3 Qh2 25.Qd2 Ke7 26.Nd1 Qd6 27.
Qe1 g5 28.Ne3 Qe5 29.a3 h5 30.b3 f5 31.Qb4+ Qd6 32.Qc3 Kf7 33.Qh8 h4 34.
Qh5+ Kf6 35.Qh6+ Kf7 36.Qxg5 Qd4 37.Ka2 Qd2 38.Qh5+ Kg7 39.Qg5+ Kf7 40.Qf4
a5 41.a4 Qc3 42.Kb1 b5 43.Qc7+ Kg6 44.axb5 Qe1+ 45.Kb2 Bxb5 46.Qb6 Bd7 47.
Nc4 a4 48.bxa4 Bxa4 49.f4 Qe4 50.Ne5+ Kh5 51.Qc7 Qd4+ 52.Ka2 Qd5+ 53.Ka3 
Kh6 54.Kxa4 Qa2+ 55.Kb5 Qb2+ 56.Ka6 Qa2+ 57.Kb7 Qb1+ 58.Qb6 Qa2 59.Qc6 
Qb2+ 60.Kc8 Qa2 61.c4 Kh5 62.Qe8+ Kh6 1-0

[Event "6th EUR-ch (w)"]
[Site "Chisinau MDA"]
[Date "2005.06.15"]
[Round "5"]
[White "Doibani, Lilia"]
[Black "Cicariova, Elena"]
[Result "0-1"]
[WhiteElo "2185"]
[BlackElo "2081"]
[EventDate "2005.06.10"]
[PlyCount "132"]

1.e4 c5 2.Nf3 d6 3.c3 Nf6 4.Be2 Nc6 5.d3 g6 6.h3 Bg7 7.O-O O-O 8.Re1 Rb8 
9.Bf1 e5 10.d4 Nd7 11.dxe5 dxe5 12.Be3 h6 13.Qd5 Qe7 14.Nbd2 Nd8 15.Nc4 b6
16.Nd6 Ne6 17.Rad1 Rd8 18.Bb5 Nc7 19.Qb3 Nxb5 20.Nxc8 Rbxc8 21.Qxb5 Nf6 
22.Nd2 Qb7 23.f3 a6 24.Qe2 b5 25.c4 Nh5 26.Nb3 Nf4 27.Qc2 Bf8 28.Kh2 Qc7 
29.Rxd8 Qxd8 30.Rd1 Qe7 31.g3 Ne6 32.Rd5 Nd4 33.Bxd4 cxd4 34.c5 Qf6 35.Qd3
h5 36.f4 exf4 37.Qxd4 fxg3+ 38.Kxg3 Qxd4 39.Rxd4 Bxc5 40.Nxc5 Rxc5 41.Rd2 
Kg7 42.Kf4 g5+ 43.Kf3 a5 44.h4 g4+ 45.Kf4 b4 46.Re2 f6 47.Ke3 a4 48.Kd4 
Re5 49.Rf2 Kg6 50.Rf4 b3 51.axb3 axb3 52.Rf2 Ra5 53.Kc3 Rb5 54.Kc4 Rb6 55.
Rf5 Rb8 56.Rf4 Rb7 57.Rf5 Re7 58.Rf4 g3 59.Rf1 Rxe4+ 60.Kxb3 Rxh4 61.Rg1 
Rg4 62.Kc3 h4 63.b4 h3 64.b5 h2 65.Rb1 g2 66.b6 g1=Q 0-1

[Event "6th EUR-ch (w)"]
[Site "Chisinau MDA"]
[Date "2005.06.15"]
[Round "5"]
[White "Kalinina, Larisa"]
[Black "Harbuz, Daniela"]
[Result "1-0"]
[WhiteElo "2177"]
[BlackElo "2040"]
[EventDate "2005.06.10"]
[PlyCount "57"]

1.e4 g6 2.d4 Bg7 3.Nc3 c6 4.Bc4 d6 5.Qf3 e6 6.Nge2 Nd7 7.Bf4 d5 8.exd5 
cxd5 9.Bxd5 Qb6 10.Bb3 Ne7 11.O-O-O O-O 12.Bg5 Nf5 13.Na4 Qa5 14.Bd2 Qa6 
15.Bb4 Re8 16.g4 Nd6 17.Nac3 Nb5 18.Ne4 Qb6 19.Bc5 Nxc5 20.dxc5 Qc6 21.a4 
f5 22.gxf5 gxf5 23.Qxf5 Kh8 24.Qh5 Nc7 25.Ng5 h6 26.Rhg1 Kg8 27.Qf7+ Kh8 
28.Ne4 Rg8 29.Nf6 1-0

[Event "6th EUR-ch (w)"]
[Site "Chisinau MDA"]
[Date "2005.06.15"]
[Round "5"]
[White "Cherednichenko, Elena"]
[Black "Iodo, Anna"]
[Result "0-1"]
[WhiteElo "1969"]
[BlackElo "2176"]
[EventDate "2005.06.10"]
[PlyCount "80"]

1.d4 Nf6 2.c4 c5 3.d5 b5 4.cxb5 a6 5.b6 a5 6.a4 Ba6 7.Nc3 d6 8.e4 Bxf1 9.
Kxf1 Nbd7 10.Nf3 Nxb6 11.g3 g6 12.Kg2 Bg7 13.Nd2 O-O 14.Rf1 e6 15.Nf3 exd5
16.exd5 Qd7 17.Qd3 c4 18.Qd2 Qb7 19.Rd1 Nfd7 20.Ra2 Nc5 21.Qf4 Rad8 22.Be3
Nd3 23.Qh4 Nxd5 24.Bg5 Nxc3 25.bxc3 Ne5 26.Qf4 f6 27.Bh4 g5 28.Qf5 gxh4 
29.gxh4 Nxf3 30.Qxf3 Qxf3+ 31.Kxf3 f5 32.Rd5 Bxc3 33.Rc2 Bb4 34.Rxc4 Rc8 
35.Rf4 Rc5 36.Rd1 Rc3+ 37.Kg2 Kg7 38.Rfd4 Kf6 39.Rd5 Rg8+ 40.Kf1 Rg4 0-1

[Event "6th EUR-ch (w)"]
[Site "Chisinau MDA"]
[Date "2005.06.15"]
[Round "5"]
[White "Foisor, Mihaela-Veronica"]
[Black "Vasilieva, Maria"]
[Result "1-0"]
[WhiteElo "1930"]
[BlackElo "2124"]
[EventDate "2005.06.10"]
[PlyCount "143"]

1.d4 d5 2.c4 e6 3.Nf3 Nf6 4.Nc3 c6 5.e3 Nbd7 6.Qc2 Bd6 7.b3 O-O 8.Be2 e5 
9.cxd5 Nxd5 10.Nxd5 cxd5 11.dxe5 Nxe5 12.Bb2 Nxf3+ 13.Bxf3 Bb4+ 14.Bc3 Bf5
15.Qd2 Bxc3 16.Qxc3 Rc8 17.Qd4 Qa5+ 18.b4 Qa3 19.O-O Rc4 20.Qxd5 Be6 21.
Qa5 Qxb4 22.Qxa7 b5 23.a3 Qc3 24.Qb6 Rc5 25.Be2 Qe5 26.Rab1 Rb8 27.Rfd1 
Rcc8 28.Qa5 Qf6 29.Rxb5 Ra8 30.Qb4 Rf8 31.Bf3 Rac8 32.Rc5 Rb8 33.Qc3 Qg6 
34.a4 Bb3 35.Rd4 Bxa4 36.Be4 Qa6 37.Ra5 Rfc8 38.Rxa6 Rxc3 39.h3 Bc2 40.Bf3
Bg6 41.Rad6 Rcc8 42.h4 h6 43.h5 Bf5 44.Kh2 Kf8 45.Kg3 Be6 46.Bd5 Bxd5 47.
R4xd5 Rc7 48.e4 Re8 49.f3 Rce7 50.Kf4 Re6 51.Rxe6 Rxe6 52.e5 g6 53.hxg6 
Rxg6 54.g4 Ke7 55.Rd6 Rxd6 56.exd6+ Kxd6 57.Kf5 Ke7 58.Ke5 Kf8 59.Kf6 Kg8 
60.f4 Kf8 61.f5 Kg8 62.Ke7 Kg7 63.Ke8 Kf6 64.Kf8 h5 65.gxh5 Kxf5 66.Kg7 
Kg4 67.h6 f5 68.h7 f4 69.h8=Q f3 70.Qh1 Kg3 71.Qf1 f2 72.Kf6 1-0

[Event "6th EUR-ch (w)"]
[Site "Chisinau MDA"]
[Date "2005.06.15"]
[Round "5"]
[White "Babei, Angelica"]
[Black "Seps, Monika"]
[Result "0-1"]
[WhiteElo "1843"]
[BlackElo "2116"]
[EventDate "2005.06.10"]
[PlyCount "96"]

1.e4 c5 2.Nc3 d6 3.g3 Nc6 4.Bg2 g6 5.d3 Bg7 6.Be3 Nd4 7.Qd2 Qa5 8.O-O-O 
Rb8 9.Kb1 b5 10.Nce2 b4 11.Nc1 Nb5 12.Nb3 Qa4 13.Ne2 Rb6 14.f4 Ra6 15.Nbc1
Be6 16.c4 bxc3 17.Nxc3 Nxc3+ 18.bxc3 Rb6+ 19.Ka1 Bg4 20.Rdf1 Qb4 21.Ne2 
Bxe2 22.Rc1 Bxd3 23.e5 Qc4 24.Rhd1 Be4 25.Bf1 Qa4 26.Bxc5 Rc6 27.Bb4 Nh6 
28.Qe2 a5 29.Qb5 Qxb5 30.Bxb5 axb4 31.cxb4 Kd7 32.a4 Rb8 33.Bxc6+ Bxc6 34.
b5 Be4 35.Ka2 Nf5 36.Kb3 d5 37.Kb4 e6 38.a5 Bf8+ 39.Ka4 Ne3 40.Rd2 Rc8 41.
Rxc8 Kxc8 42.b6 Nc4 43.Ra2 Kb7 44.Kb5 Na3+ 45.Rxa3 Bxa3 46.a6+ Kb8 47.b7 
d4 48.Kb6 Bxb7 0-1

[Event "6th EUR-ch (w)"]
[Site "Chisinau MDA"]
[Date "2005.06.15"]
[Round "5"]
[White "Ankerst, Milka"]
[Black "Kalinina, Olga"]
[Result "0-1"]
[WhiteElo "2124"]
[BlackElo "2022"]
[EventDate "2005.06.10"]
[PlyCount "108"]

1.e4 e5 2.Nf3 d6 3.d4 exd4 4.Nxd4 Nf6 5.Nc3 Be7 6.Bc4 O-O 7.O-O Re8 8.Bf4 
Bf8 9.f3 a6 10.a4 c5 11.Nde2 Nc6 12.Nd5 Nxd5 13.Bxd5 Qb6 14.Rb1 Be6 15.Nc3
Rad8 16.Qd2 Qb4 17.b3 Be7 18.Rbd1 Bf6 19.Ne2 Qb6 20.Be3 Bxd5 21.Qxd5 Nb4 
22.Qc4 Qc6 23.Nf4 b5 24.axb5 axb5 25.Qe2 d5 26.Nh5 d4 27.Nxf6+ Qxf6 28.Bf2
Qb6 29.Qd2 Na2 30.Ra1 Nc3 31.h3 Re6 32.Rfe1 Rg6 33.b4 h6 34.bxc5 Qxc5 35.
f4 Re6 36.Qd3 Qc4 37.Ra3 Rc6 38.Rb3 Na4 39.Rxb5 Qxc2 40.Rb3 Nb2 41.Qb5 Nd1
42.Re2 Qc4 43.Qxc4 Rxc4 44.Rd2 Nc3 45.Bh4 Ra8 46.e5 Ra1+ 47.Kh2 Ne4 48.
Rdb2 Rcc1 49.g4 Rh1+ 50.Kg2 Rag1+ 51.Kf3 Nc5 52.Rb8+ Kh7 53.Bf2 Rxh3+ 54.
Ke2 d3+ 0-1

[Event "6th EUR-ch (w)"]
[Site "Chisinau MDA"]
[Date "2005.06.15"]
[Round "5"]
[White "Iurascu, Mihaela"]
[Black "Grishina, Alexandra"]
[Result "0-1"]
[WhiteElo "1906"]
[BlackElo "2065"]
[EventDate "2005.06.10"]
[PlyCount "60"]

1.c4 Nf6 2.e3 g6 3.Nc3 Bg7 4.d4 d5 5.Nf3 c6 6.Be2 O-O 7.O-O Nbd7 8.b3 Re8 
9.Ba3 Qa5 10.Bb2 a6 11.cxd5 cxd5 12.Qd2 Qd8 13.Rac1 b5 14.Ne1 Bb7 15.Nd3 
Rc8 16.Bf3 Ne4 17.Qd1 Qb6 18.Nf4 e6 19.Nxe4 dxe4 20.Rxc8 Rxc8 21.Be2 Qc7 
22.Qd2 Qc2 23.Rd1 Bf8 24.g3 g5 25.Ng2 Bb4 26.Qxb4 Qxb2 27.Bh5 Nf6 28.Qe7 
Nxh5 29.Qxb7 Rc1 30.Rf1 Qb1 0-1

[Event "6th EUR-ch (w)"]
[Site "Chisinau MDA"]
[Date "2005.06.15"]
[Round "5"]
[White "Apanaviciute, Kristina"]
[Black "Kucherenko, Olena"]
[Result "0-1"]
[WhiteElo "2028"]
[BlackElo "2079"]
[EventDate "2005.06.10"]
[PlyCount "78"]

1.e4 c5 2.Nc3 d6 3.g3 Nc6 4.Bg2 g6 5.d3 Bg7 6.Be3 e6 7.Qd2 Nd4 8.f4 Ne7 9.
Nf3 Rb8 10.O-O O-O 11.Nd1 d5 12.e5 Nxf3+ 13.Bxf3 d4 14.Bf2 f6 15.exf6 Bxf6
16.g4 b6 17.Bg3 Bg7 18.Qe2 b5 19.Nf2 Nd5 20.f5 Rb6 21.fxg6 hxg6 22.Ne4 Ne3
23.Rfe1 Qe7 24.h4 Rxf3 25.Qxf3 Nxc2 26.Rac1 Nxe1 27.Bxe1 Bb7 28.Qe2 Rc6 
29.b3 Rc8 30.Bg3 e5 31.Re1 Qd7 32.Kh2 c4 33.bxc4 bxc4 34.dxc4 d3 35.Qd1 
Rxc4 36.Qb3 Qd5 37.Rb1 Qxe4 38.Qxb7 Qxb7 39.Rxb7 d2 0-1

[Event "6th EUR-ch (w)"]
[Site "Chisinau MDA"]
[Date "2005.06.16"]
[Round "6"]
[White "Dzagnidze, Nana"]
[Black "Kachiani-Gersinska, Ketino"]
[Result "0-1"]
[WhiteElo "2482"]
[BlackElo "2418"]
[EventDate "2005.06.10"]
[PlyCount "94"]

1.d4 d5 2.c4 c6 3.Nf3 Nf6 4.Nc3 a6 5.c5 Nbd7 6.Bf4 Nh5 7.Bg5 h6 8.Bd2 Nhf6
9.Qc2 Qc7 10.e4 Nxe4 11.Nxe4 dxe4 12.Qxe4 Nf6 13.Qe5 Qxe5+ 14.dxe5 Nd5 15.
Bc4 Bg4 16.Bxd5 cxd5 17.Nd4 g5 18.O-O e6 19.Rac1 Rc8 20.b4 Bg7 21.Rfe1 Kd7
22.a4 f6 23.f4 fxe5 24.fxe5 Bf8 25.Rf1 Be7 26.Nb3 Be2 27.Rfe1 Bd3 28.Na5 
Kc7 29.Re3 Bg6 30.Rb3 Kb8 31.c6 b6 32.Be3 Bd8 33.b5 bxa5 34.bxa6+ Ka8 35.
Rb7 Rh7 36.Rc3 d4 37.Bxd4 Be4 38.Rcb3 Rhc7 39.Bb6 Bxc6 40.Bxc7 Bxc7 41.Rb1
Bd5 42.h3 h5 43.R7b5 Bxe5 44.a7 Bd4+ 45.Kh1 Rc2 46.h4 Bxg2+ 47.Kh2 Bd5+ 
0-1

[Event "6th EUR-ch (w)"]
[Site "Chisinau MDA"]
[Date "2005.06.16"]
[Round "6"]
[White "Javakhishvili, Lela"]
[Black "Cmilyte, Viktorija"]
[Result "1-0"]
[WhiteElo "2430"]
[BlackElo "2459"]
[EventDate "2005.06.10"]
[PlyCount "67"]

1.d4 Nf6 2.c4 e6 3.Nf3 b6 4.Nc3 Bb7 5.Bg5 h6 6.Bh4 Be7 7.e3 Ne4 8.Nxe4 
Bxe4 9.Bg3 O-O 10.Nd2 Bb7 11.Bd3 d6 12.O-O Nd7 13.e4 e5 14.d5 a5 15.Bc2 
Nc5 16.b3 Bc8 17.a3 Bg5 18.Qe2 f5 19.exf5 Bxd2 20.Qxd2 Bxf5 21.Bxf5 Rxf5 
22.Qc2 Rf8 23.b4 Nd7 24.Rae1 Qg5 25.Qa4 Qf5 26.Qc6 Ra7 27.Re3 Qf7 28.Rf3 
Nf6 29.Qa4 Raa8 30.Qb3 axb4 31.axb4 b5 32.Rd1 bxc4 33.Qxc4 Qxd5 34.Rxd5 
1-0

[Event "6th EUR-ch (w)"]
[Site "Chisinau MDA"]
[Date "2005.06.16"]
[Round "6"]
[White "Arakhamia-Grant, Ketevan"]
[Black "Mkrtchian, Lilit"]
[Result "1-0"]
[WhiteElo "2452"]
[BlackElo "2400"]
[EventDate "2005.06.10"]
[PlyCount "123"]

1.e4 e5 2.Nf3 Nc6 3.Bb5 a6 4.Ba4 Nf6 5.O-O Be7 6.Re1 b5 7.Bb3 O-O 8.h3 d6 
9.c3 Na5 10.Bc2 c5 11.d4 Qc7 12.d5 Nc4 13.a4 Bd7 14.b3 Nb6 15.a5 Nc8 16.c4
b4 17.Nbd2 g6 18.Nf1 Nh5 19.Bh6 Re8 20.Qd2 Bf8 21.g4 Nf4 22.Bxf4 exf4 23.
Qxf4 Bg7 24.Ra2 h6 25.h4 Qd8 26.Ng3 Qf6 27.Qxf6 Bxf6 28.g5 hxg5 29.hxg5 
Bd8 30.Kg2 Kg7 31.Bd3 Rh8 32.e5 Bg4 33.Ne4 Bxf3+ 34.Kxf3 Rh3+ 35.Ng3 Rh4 
36.e6 Bxg5 37.exf7 Kxf7 38.Re6 Bf6 39.Ne4 Be7 40.Ra1 Ra7 41.Rg1 Rh6 42.
Ng5+ Kf8 43.Bxg6 Bxg5 44.Rxg5 Re7 45.Bf5 Rexe6 46.Bxe6 Ne7 47.Kg2 Rf6 48.
Kg3 Rh6 49.f4 Rh1 50.Kg2 Rh4 51.Rg4 Rh6 52.f5 Rf6 53.Rg5 Rh6 54.Kg3 Rh1 
55.Kg2 Rh6 56.Kf2 Rh4 57.Rg3 Rf4+ 58.Rf3 Rd4 59.Ke3 Rd1 60.f6 Ng6 61.f7 
Ne7 62.Rg3 1-0

[Event "6th EUR-ch (w)"]
[Site "Chisinau MDA"]
[Date "2005.06.16"]
[Round "6"]
[White "Zayats, Elena"]
[Black "Peptan, Corina-Isabela"]
[Result "1-0"]
[WhiteElo "2398"]
[BlackElo "2435"]
[EventDate "2005.06.10"]
[PlyCount "65"]

1.d4 Nf6 2.c4 e6 3.Nc3 Bb4 4.e3 O-O 5.Ne2 d5 6.a3 Bd6 7.c5 Be7 8.Nf4 c6 9.
Nd3 b6 10.b4 Ba6 11.Be2 Nfd7 12.f4 bxc5 13.bxc5 f6 14.O-O e5 15.f5 Bc4 16.
Rb1 Qc8 17.Rb4 Rd8 18.Rxc4 dxc4 19.Nb2 Nxc5 20.Bxc4+ Kh8 21.Qh5 exd4 22.
Rf4 h6 23.exd4 Qd7 24.Rg4 Qe8 25.Bf7 Qf8 26.Rg6 Qxf7 27.Rxh6+ gxh6 28.Qxf7
Rd7 29.Bxh6 Bd8 30.Bg7+ Kh7 31.Qg6+ Kg8 32.Bxf6+ Kf8 33.Qh6+ 1-0

[Event "6th EUR-ch (w)"]
[Site "Chisinau MDA"]
[Date "2005.06.16"]
[Round "6"]
[White "Radziewicz, Iweta"]
[Black "Shumiakina, Tatiana"]
[Result "1/2-1/2"]
[WhiteElo "2457"]
[BlackElo "2316"]
[EventDate "2005.06.10"]
[PlyCount "77"]

1.e4 c5 2.Nc3 Nc6 3.Bb5 Nd4 4.Bc4 e6 5.Nf3 a6 6.a4 Nf6 7.O-O d5 8.exd5 
exd5 9.Ba2 Bg4 10.Qe1+ Be7 11.Nxd4 cxd4 12.Ne2 d3 13.cxd3 O-O 14.d4 Re8 
15.d3 Bc5 16.Be3 Bxe2 17.Qxe2 Bxd4 18.Qd2 Qb6 19.Bg5 Qd6 20.h3 h6 21.Bf4 
Qb6 22.Rab1 Re6 23.a5 Qb5 24.Be3 Qc5 25.Rbe1 Rae8 26.Bxd4 Qxd4 27.Rxe6 
Rxe6 28.Rd1 b6 29.axb6 Rxb6 30.Qc3 Qa4 31.Ra1 Rc6 32.Qb3 Qf4 33.Qd1 Qa4 
34.Qb3 Qf4 35.Qd1 Qd4 36.Qb3 Qf4 37.g3 Qd2 38.Rd1 Qe2 39.Rf1 1/2-1/2

[Event "6th EUR-ch (w)"]
[Site "Chisinau MDA"]
[Date "2005.06.16"]
[Round "6"]
[White "Kosintseva, Tatiana"]
[Black "Ushenina, Anna"]
[Result "1/2-1/2"]
[WhiteElo "2486"]
[BlackElo "2350"]
[EventDate "2005.06.10"]
[PlyCount "110"]

1.e4 c6 2.d4 d5 3.exd5 cxd5 4.c4 Nf6 5.Nc3 e6 6.Nf3 Bb4 7.cxd5 Nxd5 8.Qc2 
Nc6 9.a3 Be7 10.Bd3 h6 11.O-O O-O 12.Qe2 Re8 13.Re1 Bd7 14.Bc2 Bf8 15.Qd3 
g6 16.h4 h5 17.Ne4 Qc7 18.Bb3 Bg7 19.Bg5 Qb6 20.Bxd5 exd5 21.Nf6+ Bxf6 22.
Bxf6 Na5 23.Be5 Nc4 24.b3 Bf5 25.Qc3 Nxe5 26.dxe5 Rac8 27.Qe3 Qxe3 28.Rxe3
Rc5 29.Nd4 Bd7 30.f4 Rec8 31.Kf2 Kf8 32.Rd1 Bg4 33.Rd2 a6 34.Red3 Ke7 35.
b4 Rc4 36.g3 Be6 37.Nb3 b6 38.Nd4 Rc1 39.Ne2 R1c4 40.Re3 R8c7 41.Nd4 Rc1 
42.Rdd3 R1c4 43.Re1 Bd7 44.Ke3 Rc8 45.Rb1 Rc3 46.Rb3 Rc1 47.Kd2 Rg1 48.
Rbc3 Rc4 49.Ke2 Rg2+ 50.Kf3 Rd2 51.Ke3 Rg2 52.Kf3 Rd2 53.Ke3 Rg2 54.Kf3 
Rd2 55.Ke3 Rg2 1/2-1/2

[Event "6th EUR-ch (w)"]
[Site "Chisinau MDA"]
[Date "2005.06.16"]
[Round "6"]
[White "Stepovaya, Tatiana"]
[Black "Matveeva, Svetlana"]
[Result "1/2-1/2"]
[WhiteElo "2348"]
[BlackElo "2423"]
[EventDate "2005.06.10"]
[PlyCount "78"]

1.e4 e6 2.d4 d5 3.Nc3 Bb4 4.e5 c5 5.a3 Bxc3+ 6.bxc3 Ne7 7.Qg4 Kf8 8.a4 Qc7
9.Nf3 cxd4 10.Qxd4 Nbc6 11.Qc5 f6 12.Bb5 Kf7 13.Bf4 Ng6 14.Bg3 Qe7 15.Qe3 
Ncxe5 16.Bxe5 Nxe5 17.Nxe5+ fxe5 18.Qxe5 Qf6 19.f4 Qxe5+ 20.fxe5 a6 21.Bd3
Bd7 22.Rb1 Bc6 23.Rb4 Rag8 24.a5 Ke7 25.Rf1 h6 26.Kd2 Rf8 27.Rfb1 Kd7 28.
Ke3 Kc7 29.Rf1 Rxf1 30.Bxf1 g5 31.Bd3 Rf8 32.h4 Bb5 33.hxg5 hxg5 34.Bxb5 
axb5 35.Rxb5 Rf5 36.c4 Rxe5+ 37.Kf3 Kc6 38.Rb6+ Kc7 39.Rb5 Kc6 1/2-1/2

[Event "6th EUR-ch (w)"]
[Site "Chisinau MDA"]
[Date "2005.06.16"]
[Round "6"]
[White "Khurtsidze, Nino"]
[Black "Houska, Jovanka"]
[Result "1-0"]
[WhiteElo "2418"]
[BlackElo "2334"]
[EventDate "2005.06.10"]
[PlyCount "89"]

1.d4 d5 2.c4 c6 3.Nf3 Nf6 4.Nc3 e6 5.e3 Nbd7 6.Qc2 b6 7.Bd3 Bb7 8.O-O dxc4
9.Bxc4 c5 10.Rd1 Bxf3 11.gxf3 cxd4 12.exd4 Bd6 13.d5 e5 14.Nb5 Qe7 15.Bf1 
O-O 16.Qc6 Bc5 17.d6 Qd8 18.Qc7 Qe8 19.Bh3 e4 20.b4 Bxb4 21.f4 Rc8 22.Qxa7
Rc5 23.Nc7 Qc8 24.Qa4 Bc3 25.Rb1 Rh5 26.Bg2 Nc5 27.Qc4 Qg4 28.Be3 Ba5 29.
Nd5 Nfd7 30.Ne7+ Kh8 31.Nc6 Rh6 32.f5 Rh5 33.Nxa5 Ne5 34.d7 Rd8 35.Bxc5 
Nxc4 36.Nxc4 bxc5 37.Ne5 Qh4 38.Nxf7+ Kg8 39.Nxd8 Qxh2+ 40.Kf1 Rg5 41.Ne6 
Qxg2+ 42.Ke1 Rxf5 43.d8=Q+ Kf7 44.Qf8+ Kxe6 45.Rb6+ 1-0